Introdukce a fuga, op. 22 pro klavír /

Hlavní autor: Janeček, Karel, 1903-1974
Jazyk: Nelze použít, není lingvistický obsah
Vydáno: Praha : Hudební matice Umělecké besedy, 1942
Fyzický popis: 11 s.
Hudebniny Hudebniny
Uloženo v:
LEADER 00902ncm a22002172a 4500
001 001142264
003 CZ BrMZK
005 20150216101736.0
007 qu
008 110331s1942 xr |||||||||||||||||zxx d
040 |a BOA001  |b cze 
072 7 |a 786  |x Hudba pro klávesové nástroje  |2 Konspekt  |9 9 
100 1 |a Janeček, Karel,  |d 1903-1974  |7 jk01050917  |4 cmp 
245 1 0 |a Introdukce a fuga, op. 22  |h [hudebnina] :  |b pro klavír /  |c Karel Janeček 
260 |a Praha :  |b Hudební matice Umělecké besedy,  |c 1942 
300 |a 11 s. 
910 |a BOA001  |b Mus4-0300.321  |b Mus4-0164.794 
990 |a MU 
996 7 |b 2619022163  |c Mus4-0164.794  |l MZK  |r Sklad / do 1 hodiny  |n 0  |w 001174564  |u 000030  |a 1  |e BOA001  |j MZK50  |s A 
996 6 |b 2619565055  |c Mus4-0300.321  |l MZK  |r Sklad / do 1 hodiny  |n 0  |w 001174564  |u 000020  |a 1  |e BOA001  |j MZK50  |s P 
996 7 |b 2619565056  |c Mus4-0300.321  |l MZK  |r Sklad / do 1 hodiny  |n 1  |w 001174564  |u 000010  |a 1  |e BOA001  |j MZK50  |s A